000 01045nam a2200241Ia 4500
999 _c52181
_d52181
001 19189
003 GE_BSU
005 20220920152721.0
008 181216s2008||||ge |||||||||||||| ||rus||
040 _cGE_BSU
041 _arus
080 _a81 Ч-204
100 _aЧарквиани, Л.
_910424
245 _aЛингвосемиотическая природа призыва: დისერტაცია /
_cЛ. Чарквиани ; Научн. руков. Д. З. Гоциридзе ; Батумский гос. ун-т им. Шота Руставели.
264 _aБатуми :
_bБатумский гос. ун-т им. Ш. Руставели,
_c2008.
300 _a160 стр.
_b30 см.
653 _aЛингвосемиотическая природа призыва.
653 _aЯзыкознание
653 _aდისერტაცია
653 _aენათმეცნიერება
700 _aГоциридзе, Д. З.
_eНаучн. руководитель
_910425
942 _cBK
_2udc